| 000 | 01019nam a2200313Ia 4500 | ||
|---|---|---|---|
| 001 | dia_5043 | ||
| 003 | CHAP | ||
| 005 | 20251023163939.0 | ||
| 008 | 220117s1989 xx 000 0 und d | ||
| 010 | _a175866 | ||
| 020 | _a968-6062-45-9 | ||
| 040 | _cCHAP | ||
| 082 | _a658.5 N54 1989 | ||
| 100 |
_aNiebel, Benjamin W. _981218 |
||
| 245 |
_aIngeniería industrial : estudio de tiempos y movimientos / _c Benjamin W. Niebel ; traducción Oscar Rodríguez Ballesteros y Ma. Dolores García Díaz |
||
| 250 | _a2a ed. | ||
| 260 |
_aMéxico : _b Alfaomega, _c1989 |
||
| 300 | _axii, 684 p. | ||
| 500 | _aTítulo original: Motion and time study | ||
| 503 | _aC/e | ||
| 504 | _aIncluye bibliografías | ||
| 650 |
_aIngeniería industrial _958257 |
||
| 700 |
_aGarcía Díaz, Ma. Dolores, tr. _9154738 |
||
| 700 |
_aRodríguez Ballesteros, Oscar, tr. _9157402 |
||
| 901 | _a658.5 N54 1989 | ||
| 902 | _aA | ||
| 905 | _a5232271989 mx aimn8222223322spa12 | ||
| 942 |
_cLIBRO _2ddc |
||
| 999 |
_c175866 _d175866 |
||